| 000 | 00860nam a22002412 4500 | ||
|---|---|---|---|
| 001 | 0000018769 | ||
| 005 | 20151217154421.0 | ||
| 008 | 100629s xx 000 0 eng d | ||
| 020 | _a031448132x : | ||
| 040 |
_aKABU _cKABU |
||
| 100 | 1 |
_aNaps, Thomas L. _@0000178141 |
|
| 245 | 1 | 0 |
_aIntroduction to computer science : _bprogramming, problem solving, and data structures / _cThomas L. Naps, Douglas W. Nance, Bhagat Singh. |
| 250 | _aAlternate ed. | ||
| 260 |
_aNew York : _bWest Publishing, _c1989. |
||
| 300 | _axxiv, 940 p. | ||
| 650 | 0 |
_aElectronic digital computers _xProgramming. _@0000178142 |
|
| 650 | 0 |
_aData structures (Computer science) _@0000148379 |
|
| 700 | 1 |
_aNance, Douglas W. _@0000178143 |
|
| 700 | 1 |
_aSingh, Bhagat. _@0000178144 |
|
| 852 | 1 | _9p500 KES | |
| 908 | _a100629 | ||
| 950 | _@1 | ||
| 999 |
_c11170 _d11170 |
||